000 00551 a2200217 4500
005 20240729111121.0
008 240727b |||||||| |||| 00| 0 eng d
020 _a9788189996581
_cRs. 895.00
040 _aMAIN
082 _a327.540549
_bS22D
100 _aSudesh Kumari
245 _aDakshin asia mein sangharsh evam sahyog
260 _bShri Sai Printographers
_c2017
_aNew Delhi
300 _a231
650 _aPolitical Science
650 _aIndia
650 _aPakistan
650 _aWar
650 _aMilitary Science
942 _cBK
999 _c312799
_d312799